000 01242cam a2200325 a 4500
001 6373
003 BD-RjUL
005 20211208234231.0
008 110114s1983 nyua b 000 0 eng d
020 _a0123639018 (v. 1)
020 _a0123639026 (v. 2)
035 _a(BD-RjUL)6413
040 _aDLC
_cDLC
_dDLC
_dOCoLC
_dBD-RjUL
_beng
041 _aeng
082 0 0 _a519.52
_219
_bINC 1983
245 0 0 _aIncomplete data in sample surveys /
_cPanel on Incomplete Data ... [et al.] ; edited by William G. Madow, Harold Nisselson, Ingram Olkin.
_nvolume 3
260 _aNew York :
_bAcademic Press,
_cc1983
300 _aV-3 (xxvi, 413 p.) :
_bill. ;
_c23 cm.
504 _aIncludes indexes.
505 1 _av. 1. Report and case studies -- v. 2. Theory and bibliographies.---v. 3 Proceeding of the symposium
650 0 _aSampling (Statistics)
_9967
650 0 _aSocial surveys
_xResponse rate.
_920077
700 1 _aMadow, William G.
_q(William Gregory),
_d1911-
_920078
700 1 _aNisselson, Harold.
_920079
700 1 _aOlkin, Ingram.
_920080
700 1 _aRubin, Donald B.
_920081
710 2 _aAssembly of Behavioral and Social Sciences (U.S.).
_bPanel on Incomplete Data.
_920082
942 _2ddc
_cBK
999 _c6373
_d6373